[Event "Madrid-ch Previa-A"]
[Site "Madrid"]
[Date "2013.02.12"]
[Round "5"]
[White "Fernandez Garcia, Ignacio"]
[Black "Redondo Garcia, Jose Luis"]
[Result "1-0"]
[WhiteElo "1835"]
[BlackElo "1812"]
[PlyCount "59"]
[EventDate "2013.02.04"]
[EventType "swiss"]
[EventRounds "9"]
[EventCountry "ESP"]
[SourceTitle "EXT 2015"]
[Source "ChessBase"]
[SourceDate "2014.11.20"]
[SourceVersion "1"]
[SourceVersionDate "2014.11.20"]
[SourceQuality "1"]

1. e4 c5 2. Nc3 e6 3. f4 a6 4. Nf3 b5 5. d3 Bb7 6. Be2 Nc6 7. 0-0 Nd4 8. Be3 Nxf3+ 9. Bxf3 Rc8 10. e5 Qc7 11. Bxb7 Qxb7 12. f5 Ne7 13. fxe6 dxe6 14. Ne4 Nf5 15. Qf3 Qd7 16. Kh1 Nxe3 17. Qxe3 Be7 18. Qg3 0-0 19. Nf6+ Bxf6 20. exf6 g6 21. Qg5 Kh8 22. Qh6 Rg8 23. Rf3 e5 24. Rh3 Qxh3 25. Qxh3 c4 26. Qd7 cxd3 27. cxd3 Rcd8 28. Qxf7 Rxd3 29. Qe7 Rdd8 30. f7 1-0

[Event "Calvia Veterans op 4th"]
[Site "Calvia"]
[Date "2007.10.21"]
[Round "7"]
[White "Redondo Garcia, Jose Luis"]
[Black "Krueger, Manfred"]
[Result "1-0"]
[WhiteElo "1909"]
[BlackElo "1696"]
[PlyCount "73"]
[EventDate "2007.10.15"]
[EventType "swiss"]
[EventRounds "9"]
[EventCountry "ESP"]
[SourceTitle "CBM 120 Extra"]
[Source "ChessBase"]
[SourceDate "2007.11.01"]
[SourceVersion "1"]
[SourceVersionDate "2007.11.01"]
[SourceQuality "1"]

1. c4 Nf6 2. g3 e6 3. Bg2 Nc6 4. e3 Be7 5. a3 d5 6. cxd5 exd5 7. d4 0-0 8. Nc3 Be6 9. Nge2 Qc8 10. Nf4 Rd8 11. 0-0 a6 12. b4 b5 13. Bb2 Rd7 14. Rc1 Na7 15. Qb3 Qd8 16. Nxe6 fxe6 17. e4 c6 18. Bh3 Kf7 19. f4 Qb6 20. Rfd1 Re8 21. e5 Ng8 22. f5 exf5 23. Bxf5 Rdd8 24. Bxh7 Bg5 25. Rf1+ Ke7 26. Rcd1 Be3+ 27. Kg2 Bxd4 28. Bg6 Rf8 29. Rxf8 Rxf8 30. Nxd5+ cxd5 31. Bxd4 Qxg6 32. Bc5+ Ke8 33. Qxd5 Qc2+ 34. Kh1 Qxd1+ 35. Qxd1 Rf7 36. e6 Rc7 37. Qh5+ 1-0

[Event "Calvia Veterans op 4th"]
[Site "Calvia"]
[Date "2007.10.18"]
[Round "4"]
[White "Fernandez Garcia, Ignacio"]
[Black "Redondo Garcia, Jose Luis"]
[Result "1-0"]
[WhiteElo "2039"]
[BlackElo "1909"]
[PlyCount "53"]
[EventDate "2007.10.15"]
[EventType "swiss"]
[EventRounds "9"]
[EventCountry "ESP"]
[SourceTitle "CBM 120 Extra"]
[Source "ChessBase"]
[SourceDate "2007.11.01"]
[SourceVersion "1"]
[SourceVersionDate "2007.11.01"]
[SourceQuality "1"]

1. e4 c5 2. c3 e6 3. d4 cxd4 4. cxd4 a6 5. Nc3 b5 6. Bd3 Bb7 7. Nf3 h6 8. 0-0 Nf6 9. e5 Nd5 10. Ne4 Qb6 11. a3 Nc6 12. Be3 Nxe3 13. fxe3 Ne7 14. Nd6+ Kd8 15. Nxf7+ Ke8 16. Nxh8 Nd5 17. Nh4 Nxe3 18. Qh5+ Kd8 19. Rxf8+ Kc7 20. Rc1+ Nc4 21. Rxa8 Qxd4+ 22. Kh1 Qxd3 23. Rf8 Kb6 24. Qd1 Qe4 25. Rxc4 bxc4 26. N8g6 a5 27. Rf4 1-0

[Event "Calvia Veterans op 4th"]
[Site "Calvia"]
[Date "2007.10.17"]
[Round "3"]
[White "Redondo Garcia, Jose Luis"]
[Black "Serra Olives, Tomas"]
[Result "0-1"]
[WhiteElo "1909"]
[BlackElo "2114"]
[PlyCount "106"]
[EventDate "2007.10.15"]
[EventType "swiss"]
[EventRounds "9"]
[EventCountry "ESP"]
[SourceTitle "CBM 120 Extra"]
[Source "ChessBase"]
[SourceDate "2007.11.01"]
[SourceVersion "1"]
[SourceVersionDate "2007.11.01"]
[SourceQuality "1"]

1. c4 c5 2. Nc3 Nf6 3. g3 e6 4. Bg2 d5 5. cxd5 exd5 6. d4 cxd4 7. Qxd4 Nc6 8. Qa4 Bc5 9. Bg5 Be6 10. e3 0-0 11. Nge2 h6 12. Bxf6 Qxf6 13. 0-0 Ne5 14. Nf4 Rfd8 15. Ncxd5 Bxd5 16. Nxd5 Nf3+ 17. Bxf3 Qxf3 18. Nc3 Rd3 19. Rae1 Rad8 20. Rd1 Bb6 21. Rxd3 Rxd3 22. Qe8+ Kh7 23. Qe4+ Qxe4 24. Nxe4 f5 25. Nc3 Rd2 26. Rb1 g5 27. Na4 Bd8 28. a3 Bf6 29. b4 b6 30. Rb3 Kg6 31. Rb1 Rd3 32. b5 Rxa3 33. Rb4 Kf7 34. Kg2 Ke6 35. e4 fxe4 36. Rxe4+ Kd5 37. f3 Bd4 38. h4 Rxa4 39. hxg5 hxg5 40. Rg4 Ra2+ 41. Kh3 Bf6 42. Rb4 Kc5 43. Re4 Kxb5 44. Re6 Bd4 45. Kg4 Rg2 46. f4 gxf4 47. Kxf4 a5 48. g4 a4 49. Kf3 Rc2 50. Re4 Kc4 51. g5 Kd3 52. Rg4 a3 53. g6 a2 0-1

[Event "Madrid-ch Previa-A"]
[Site "Madrid"]
[Date "2002.10.29"]
[Round "5.9"]
[White "Corredor Gonzalez, Angel L"]
[Black "Redondo Garcia, Jose Luis"]
[Result "0-1"]
[WhiteElo "1874"]
[BlackElo "1924"]
[PlyCount "118"]
[EventDate "2002.10.29"]
[EventType "swiss"]
[EventRounds "9"]
[EventCountry "ESP"]
[SourceTitle "EXT 2004"]
[Source "ChessBase"]
[SourceDate "2003.11.25"]
[SourceVersion "1"]
[SourceVersionDate "2003.11.25"]
[SourceQuality "1"]

1. e4 c5 2. f4 a6 3. Nf3 e6 4. c4 Nc6 5. Nc3 Qc7 6. d3 h6 7. Be3 d6 8. Be2 Be7 9. 0-0 Nf6 10. h3 0-0 11. a3 Rb8 12. Qe1 b5 13. cxb5 axb5 14. Kh1 b4 15. axb4 Rxb4 16. Rb1 Bd7 17. Bd2 Rfb8 18. Nd1 R4b7 19. Bc3 e5 20. fxe5 dxe5 21. Ne3 Nd4 22. Qf2 Be6 23. Rbc1 Qd7 24. Nxe5 Qd6 25. N5g4 Nxe2 26. Qxe2 Nxg4 27. Nxg4 Bg5 28. Rcd1 Bb3 29. Ra1 Rd8 30. Nf2 Bh4 31. Qg4 Qg3 32. Qf5 Qg5 33. Qf3 Be6 34. Ng4 Qe7 35. Ne5 Qe8 36. Qe3 Qb5 37. Ra5 Qb6 38. Qxc5 Qb3 39. Qc6 Rc8 40. Qd6 Be7 41. Qd4 Rd8 42. Qf2 f6 43. Nc6 Rxd3 44. Nxe7+ Rxe7 45. Ra8+ Kh7 46. Qc5 Qb7 47. Ra4 Qd7 48. Rd4 Rxd4 49. Qxd4 Qb5 50. Re1 Rd7 51. Qf2 Qg5 52. Qb6 Bf7 53. Qc6 Rd3 54. Qc7 Bg6 55. e5 fxe5 56. Bxe5 Bf5 57. Bc3 Rd7 58. Qe5 Qg6 59. b4 Rd3 0-1